Sistemas de producción /
Guardado en:
| Otros Autores: | , |
|---|---|
| Formato: | Libro |
| Idioma: | Spanish English |
| Publicado: |
Buenos Aires :
Librería "El Ateneo" Editorial,
c1974.
|
| Series: | Biblioteca de ciencias económicas ;
Serie de sistemas de control. |
| Materias: | |
| Etiquetas: |
Agregar Etiqueta
Sin Etiquetas, Sea el primero en etiquetar este registro!
|
| LEADER | 01019nam a22002415 4500 | ||
|---|---|---|---|
| 001 | EAD.ead002939 | ||
| 008 | 080718s1974####ag#######b####000#0#spa#d | ||
| 005 | 20110919113951.0 | ||
| 245 | 0 | 0 | |a Sistemas de producción / |c [dirigida por] Gene K. Groff y John F. Muth. |
| 260 | |a Buenos Aires : |b Librería "El Ateneo" Editorial, |c c1974. | ||
| 300 | |a xi, 177 p. ; |c 20 cm. | ||
| 490 | 1 | |a Biblioteca de ciencias económicas. Serie de sistemas de control | |
| 500 | |a Traducción de: Operations management. | ||
| 504 | |a Incluye referencias bibliográficas. | ||
| 505 | 0 | |a t. 1. Modelos de decisión -- t. 2. Sistemas de producción -- t. 3. Planeamiento y control de producción. | |
| 500 | |a La biblioteca posee el t. 2. | ||
| 700 | 1 | |a Groff, Gene K. |4 drt | |
| 700 | 1 | |a Muth, John F. |4 drt | |
| 830 | 0 | |a Biblioteca de ciencias económicas ; |v Serie de sistemas de control. | |
| 082 | 0 | 4 | |a 658.5 |2 21 |
| 653 | |a Administración de operaciones | ||
| 041 | 1 | |a spa |h eng | |
| 859 | |a AR-BaBDC |b BIB. ADMINISTRACION - Libros |h 658.5 |i G893 |p b00596 | ||
